[Event "Heusenstamm Sparkassen op U14 6th"]
[Site "Heusenstamm"]
[Date "2019.11.23"]
[Round "3"]
[White "Terlinde, Mattis"]
[Black "Claussen, Daniela"]
[Result "0-1"]
[WhiteElo "807"]
[BlackElo "870"]
[PlyCount "78"]
[EventDate "2019.11.21"]
[EventType "swiss"]
[EventRounds "7"]
[EventCountry "GER"]
[SourceTitle "CBM 194 Extra"]
[Source "ChessBase"]
[SourceDate "2020.03.31"]
[SourceVersion "1"]
[SourceVersionDate "2020.03.31"]
[SourceQuality "1"]

1. e4 e6 2. Nc3 b6 3. Nf3 Bb7 4. d3 Bb4 5. Bd2 Bxc3 6. Bxc3 Nf6 7. Be2 d5 8. e5 Nfd7 9. 0-0 0-0 10. Qd2 c5 11. d4 Nc6 12. Nh4 Qxh4 13. g3 Qh3 14. Qd1 cxd4 15. Bg4 Qh6 16. Bd2 Qg6 17. Bh5 Qe4 18. Bf3 Qxe5 19. Bf4 Qf6 20. Re1 Nde5 21. Bxe5 Nxe5 22. c3 Nxf3+ 23. Kf1 Nxe1 24. Kxe1 Ba6 25. cxd4 e5 26. dxe5 Qxe5+ 27. Kd2 Qd4+ 28. Kc1 Rfc8+ 29. Qc2 Rxc2+ 30. Kxc2 Qd3+ 31. Kc1 Bb5 32. b3 Rc8+ 33. Kb2 Qc2+ 34. Ka3 Be2 35. Ka4 a6 36. Ka3 Rc5 37. b4 Rb5 38. Rb1 Qxb1 39. Ka4 Qxa2# 0-1

[Event "Bad Soden U10 op"]
[Site "Bad Soden"]
[Date "2019.10.05"]
[Round "6"]
[White "Akcapinar, Timur"]
[Black "Terlinde, Mattis"]
[Result "1-0"]
[WhiteElo "1117"]
[BlackElo "766"]
[PlyCount "87"]
[EventDate "2019.10.03"]
[EventType "swiss"]
[EventRounds "9"]
[EventCountry "GER"]
[SourceTitle "CBM 192 Extra"]
[Source "Chessbase"]
[SourceDate "2019.11.06"]
[SourceVersion "1"]
[SourceVersionDate "2019.11.06"]
[SourceQuality "1"]

1. e4 e5 2. Nf3 Nc6 3. d4 exd4 4. Nxd4 Ne5 5. Bf4 Bd6 6. Bxe5 Bxe5 7. Bc4 Nf6 8. Nc3 0-0 9. 0-0 b6 10. Qd3 c5 11. Ndb5 a6 12. Nd6 Qc7 13. Nf5 Bxh2+ 14. Kh1 Bf4 15. Nd5 Qe5 16. Nxf4 Qxf4 17. Rad1 b5 18. Bd5 c4 19. Qd4 Rb8 20. Qa7 Ng4 21. g3 Qf3+ 22. Kg1 g6 23. Ne7+ Kg7 24. Qxb8 h5 25. Qd6 h4 26. Nf5+ gxf5 27. Qe7 h3 28. Qg5+ Kh7 29. Qh5+ Kg8 30. Qg5+ Kh7 31. Qh5+ Kg7 32. Qg5+ Kh8 33. Qh5+ Nh6 34. Qxf3 Ng4 35. Qxf5 h2+ 36. Kg2 Rg8 37. Bxf7 Rg7 38. Qh5+ Rh7 39. Qxg4 Rxf7 40. Rh1 Rh7 41. Rxh2 Rxh2+ 42. Kxh2 Bb7 43. Kg2 a5 44. Rh1# 1-0